<?xml version="1.0" encoding="UTF-8"?>
<collection xmlns="http://www.loc.gov/MARC21/slim">
 <record>
  <leader>05555nam a2200385 a 4500</leader>
  <controlfield tag="001">kal2957</controlfield>
  <controlfield tag="003">Gr-AtHEAL</controlfield>
  <controlfield tag="005">20160421133628.0</controlfield>
  <controlfield tag="006">m        d        </controlfield>
  <controlfield tag="008">160413s2015    gr      s           gre|c</controlfield>
  <datafield tag="020" ind1=" " ind2=" ">
   <subfield code="a">9789606030796</subfield>
  </datafield>
  <datafield tag="040" ind1=" " ind2=" ">
   <subfield code="a">GR-AtHEAL</subfield>
   <subfield code="b">gre</subfield>
   <subfield code="c">GR-AtHEAL</subfield>
  </datafield>
  <datafield tag="082" ind1="4" ind2="0">
   <subfield code="a">306.42</subfield>
   <subfield code="2">23</subfield>
  </datafield>
  <datafield tag="100" ind1="1" ind2=" ">
   <subfield code="a">Ναγόπουλος, Νικόλαος.</subfield>
   <subfield code="8">391</subfield>
  </datafield>
  <datafield tag="245" ind1="1" ind2="0">
   <subfield code="a">Γνώση, μέθοδος και κοινωνική πραξη</subfield>
   <subfield code="h">[Ηλεκτρονικός πόρος] </subfield>
   <subfield code="b">Από την γνωσιοθεωρία στην κοινωνιολογία της γνώσης</subfield>
   <subfield code="c">Ναγόπουλος, Νικόλαος ; Κριτικός αναγνώστης,Σαββάκης, Εμμανουήλ ; Γλωσσική επιμέλεια,Ντάφος, Βάϊος.</subfield>
  </datafield>
  <datafield tag="260" ind1=" " ind2=" ">
   <subfield code="a">Αθήνα :</subfield>
   <subfield code="b">Σύνδεσμος Ελληνικών Ακαδημαϊκών Βιβλιοθηκών,</subfield>
   <subfield code="c">c2015.</subfield>
  </datafield>
  <datafield tag="490" ind1=" " ind2=" ">
   <subfield code="a">Ακαδημαϊκά Ηλεκτρονικά Συγγράμματα και Βοηθήματα Κάλλιπος</subfield>
   <subfield code="8">40</subfield>
  </datafield>
  <datafield tag="520" ind1=" " ind2=" ">
   <subfield code="a">Το βιβλίο αυτό επιχειρεί μία συζήτηση των πρώιμων γνωσιοθεωρητικών προσεγγίσεων και στη συνέχεια εξετάζει την σύνδεση της κοινωνιολογίας με την γνωσιοθεωρία. Από τις πρώιμες γνωσιοθεωρητικές προσεγγίσεις μέχρι τη νέα Κοινωνιολογία της γνώσης, αναλύονται οι μέθοδοι και οι θεωρητικές οπτικές πού εξετάζουν την γνώση, καί τις ανθρώπινες πράξεις. Το ποιοτικό γνώρισμα που καθιστά μία πράξη κοινωνική είναι η διυποκειμενικότητα της, δηλαδή ο προσανατολισμός της στη συμπεριφορά άλλου ατόμου. Η σαφής διάκριση μεταξύ πράξης και κοινωνικής πράξης έτσι όπως αποτυπώνεται στη βεμπεριανή κατανοούσα κοινωνιολογία αποκαλύπτει και το αντικείμενο των κοινωνικών επιστημών, που καλούνται να κατανοήσουν μόνον εκείνες τις πράξεις που χαρακτηρίζονται ως κοινωνικές και οι οποίες μπορούν να εξηγηθούν αιτιωδώς, γιατί αποκαλύπτουν την ορθολογικότητα και το κίνητρο που ερμηνεύει την εκδήλωσή τους, ενώ παράλληλα αποτυπώνουν αντικειμενικά κοινωνικά πρότυπα υπό μορφή ιδεοτύπων. Κατά αυτόν τον τρόπο στην πρώιμη Γνωσιοθεωρία επιτελείται μια κοινωνιολογική στροφή καθώς η γνώση μελετάται ως κοινωνική γνώση. Από την άλλη μεριά η Νέα Κοινωνιολογία της Γνώσης που είναι θεμελιωμένη στις φαινομενολογικές προσεγγίσεις και στις αναστοχαστικές όψεις της ερμηνευτικής σχολής βασίζεται στην παραδοχή μιας κοινωνικά κατασκευασμένης πραγματικότητας που οικοδομείται μέσα από τη νοηματοδότησης του κόσμου της καθημερινής ζωής.</subfield>
  </datafield>
  <datafield tag="650" ind1=" " ind2="0">
   <subfield code="a">Social epistemology</subfield>
   <subfield code="8">2066</subfield>
  </datafield>
  <datafield tag="653" ind1=" " ind2=" ">
   <subfield code="a">Επιστημολογία κοινωνικών επιστημών</subfield>
  </datafield>
  <datafield tag="653" ind1=" " ind2=" ">
   <subfield code="a">Θεωρία και μεθοδολογία κοινωνικής επιστήμης</subfield>
  </datafield>
  <datafield tag="653" ind1=" " ind2=" ">
   <subfield code="a">Κοινωνιολογία της γνώσης</subfield>
  </datafield>
  <datafield tag="653" ind1=" " ind2=" ">
   <subfield code="a">Κοινωνιολογία </subfield>
   <subfield code="a">Κοινωνικά προβλήματα και κοινωνική πρόνοια</subfield>
   <subfield code="a">Κοινωνική ασφάλεια/Ασφάλιση/Συντάξεις</subfield>
  </datafield>
  <datafield tag="653" ind1=" " ind2=" ">
   <subfield code="a">Κοινωνιολογία </subfield>
   <subfield code="a">Κοινωνιολογία της γλώσσας και των τεχνών</subfield>
   <subfield code="a">Κοινωνιολογία της γλώσσας/Κοινωνιογλωσσία</subfield>
  </datafield>
  <datafield tag="653" ind1=" " ind2=" ">
   <subfield code="a">Κοινωνιολογία </subfield>
   <subfield code="a">Κοινωνική διαφοροποίηση </subfield>
   <subfield code="a">Κοινωνιολογία της απασχόλησης και των επαγγελμάτων</subfield>
  </datafield>
  <datafield tag="653" ind1=" " ind2=" ">
   <subfield code="a">Κοινωνιολογία </subfield>
   <subfield code="a">Κοινωνιολογία : Ιστορία και θεωρία</subfield>
   <subfield code="a">Συγκριτική και ιστορική Κοινωνιολογία</subfield>
  </datafield>
  <datafield tag="653" ind1=" " ind2=" ">
   <subfield code="a">Κοινωνιολογία </subfield>
   <subfield code="a">Κοινωνικά προβλήματα και κοινωνική πρόνοια</subfield>
  </datafield>
  <datafield tag="653" ind1=" " ind2=" ">
   <subfield code="a">Κοινωνιολογία </subfield>
   <subfield code="a">Μεθοδολογία και τεχνολογία της έρευνας</subfield>
  </datafield>
  <datafield tag="653" ind1=" " ind2=" ">
   <subfield code="a">Κοινωνιολογία </subfield>
   <subfield code="a">Κοινωνιολογία της γνώσης</subfield>
  </datafield>
  <datafield tag="700" ind1="1" ind2=" ">
   <subfield code="a">Σαββάκης, Εμμανουήλ</subfield>
   <subfield code="e">Κριτικός αναγνώστης</subfield>
   <subfield code="8">392</subfield>
  </datafield>
  <datafield tag="856" ind1="4" ind2="0">
   <subfield code="u">http://hdl.handle.net/11419/2957</subfield>
   <subfield code="z">Πλήρες Κείμενο - Full text</subfield>
  </datafield>
  <datafield tag="907" ind1=" " ind2=" ">
   <subfield code="a">.b25681072</subfield>
   <subfield code="b">12-06-18</subfield>
   <subfield code="c">29-07-16</subfield>
  </datafield>
  <datafield tag="949" ind1=" " ind2=" ">
   <subfield code="0">0</subfield>
   <subfield code="1">0</subfield>
   <subfield code="2">ddc</subfield>
   <subfield code="4">0</subfield>
   <subfield code="6">306_420000000000000_ΝΑΓ</subfield>
   <subfield code="7">0</subfield>
   <subfield code="8">KALL</subfield>
   <subfield code="8">866</subfield>
   <subfield code="d">2016-04-13</subfield>
   <subfield code="r">2016-04-13</subfield>
   <subfield code="w">2016-04-13</subfield>
   <subfield code="z">306.42 ΝΑΓ</subfield>
   <subfield code="o">SEAB KALLIPOS</subfield>
  </datafield>
  <datafield tag="998" ind1=" " ind2=" ">
   <subfield code="a">80</subfield>
   <subfield code="a">01</subfield>
   <subfield code="a">02</subfield>
   <subfield code="a">03</subfield>
   <subfield code="a">04</subfield>
   <subfield code="a">05</subfield>
   <subfield code="a">06</subfield>
   <subfield code="a">07</subfield>
   <subfield code="a">08</subfield>
   <subfield code="a">09</subfield>
   <subfield code="a">10</subfield>
   <subfield code="a">11</subfield>
   <subfield code="a">12</subfield>
   <subfield code="a">13</subfield>
   <subfield code="a">14</subfield>
   <subfield code="a">15</subfield>
   <subfield code="a">16</subfield>
   <subfield code="a">17</subfield>
   <subfield code="a">18</subfield>
   <subfield code="a">19</subfield>
   <subfield code="a">20</subfield>
   <subfield code="a">21</subfield>
   <subfield code="a">22</subfield>
   <subfield code="a">23</subfield>
   <subfield code="a">24</subfield>
   <subfield code="a">25</subfield>
   <subfield code="a">26</subfield>
   <subfield code="b">25-05-17</subfield>
   <subfield code="c">m</subfield>
   <subfield code="d">z  </subfield>
   <subfield code="e">-</subfield>
   <subfield code="f">gre</subfield>
   <subfield code="g">gr </subfield>
   <subfield code="h">0</subfield>
  </datafield>
  <datafield tag="942" ind1=" " ind2=" ">
   <subfield code="2">ddc</subfield>
   <subfield code="c">KALLIPOS</subfield>
  </datafield>
 </record>
</collection>
